000 01932cam a22004934i 4500
003 PE-LiUPU
005 20250731165506.0
008 150623s r 000 0 d
020 _a0801052491
035 _a(Sirsi) i9780801052491
040 _aPE-LiUPU
_bspa
_cPE-LiUPU
_erda
049 _aPRUA
082 0 4 _a016.2335
_bF61
_221
100 1 _aFlather, Douglas R.,
_d1960-,
_eautor.
245 1 4 _aThe resource guide for christian counselors /
_ceditado por Douglas R. Flather.
264 1 _aGrand Rapids, Michigan :
_bBaker Books,
_c1995.
300 _a406 páginas ;
_c24 centímetros
336 _atext
_2rdacontent
337 _aunmediated
_2rdamedia
338 _avolume
_2rdacarrier
505 0 _aAddictions and compulsive behaviors. -Adukt children from dysfuntional homes. -Aging. -Anger. -Anxiety. -Burnout. -Child buse. -Counseling children. -Codependency. -Crisis counseling.. -Violent crime. -Women's issues. -Youth/adolescence.
526 _aSEG44
526 _aSEG26
526 _aP151
526 _aP150
526 _aP149
526 _aP146
526 _aP145
526 _aP126
526 _aP125
526 _aP92
526 _aP75
526 _aP74
526 _aP27
526 _aP15
650 0 4 _aConsejería pastoral
_vBibliografía.
650 0 4 _aConsejería pastoral
_vDirectorios.
942 _2ddc
_cBOOK
949 _aRC 016.2335 F61
_wDEWEY
_c1
_i47240
_d2016-4-17
_e2016-4-13
_lCCODEBUL1
_mBUL
_n1
_r0
_sY
_tBOOK
_u2015-6-24
_xTEOLOGIA
_PP35
_0COMPRA
_o.CIRCNOTE. No olvidar cambiar la fecha de devolución!!!!!!!
_o.STAFF. Colección General
994 _aC0
_bPEPRU
596 _a1
999 _aRC 016.2335 F61
_wDEWEY
_c23791
_i47240
_d23791
_e2016-4-13
_f2021-11-8
_g5
_lCCODEBUL1
_mBUL
_n1
_r1
_sY
_tBOOK
_u2015-6-24
_xTEOLOGIA
_PP35
_0COMPRA
_o.CIRCNOTE. No olvidar cambiar la fecha de devolución!!!!!!!
_o.STAFF. Colección General
980 _81
_gALBERTO SANCHEZ Responsable de Automatización